| 000 | 00519nam a2200205Ia 4500 | ||
|---|---|---|---|
| 003 | OSt | ||
| 005 | 20140426094107.0 | ||
| 008 | 140130s9999 xx 000 0 und d | ||
| 020 | _a059048026x | ||
| 050 |
_aE 185.96 _b.H775 2003 |
||
| 100 | _aHudson, Wade | ||
| 245 |
_cWade Hudson. _aGreat Black Heroes : _bFive bold freedom fighters / |
||
| 260 |
_bScholastic, _c2003. _aUSA : |
||
| 300 |
_a48 p. : _bcol. ill. ; _c21 cm. |
||
| 440 | _v1 | ||
| 521 | _aG6 | ||
| 526 | _c810 | ||
| 942 |
_cBK _2lcc |
||
| 999 |
_c41176 _d41176 |
||